| 000 | 00540nam a22002177a 4500 | ||
|---|---|---|---|
| 003 | UA-OsUOA | ||
| 001 | 86878 | ||
| 007 | ta | ||
| 008 | 20120912b un ||||| |||| 00| 0 ukr d | ||
| 100 | _aКоган М. | ||
| 090 | _bК 57 | ||
| 942 | _cBK | ||
| 040 |
_aUA-OsUOA _brus _cUA-OsUOA _dUA-OsUOA |
||
| 245 | _aПросвещенный абсолютизм в Дании. Реформы Струензе | ||
| 300 | _a52 с. | ||
| 955 | _a2 | ||
| 041 | _arus | ||
| 260 |
_aЛенинград _c1972 |
||
| 650 | 7 | _2UDC | |
| 999 |
_c373049 _d373049 |
||